Oslobodenie od dane z príjmov fyzických a právnických osôb

Rozsiahla ostatná novela zákona o daniach z príjmov (zákon č. 466//2000 Z.z.) priniesla daňovníkom oslobodenie od dane z príjmov s viacerými zmenami. Novela nadobudla účinnosť 1. januára 2001.

Salvato in:
Dettagli Bibliografici
Autore principale: Pauličková, Alena
Natura: Capitolo di libro
Lingua:slovacco
Soggetti:
Tags: Aggiungi Tag
Nessun Tag, puoi essere il primo ad aggiungerne!!

MARC

LEADER 00000naa a2200000 4500
001 r040516
005 20230720103144.4
041 0 |a slo 
044 |a SK 
245 1 0 |a Oslobodenie od dane z príjmov fyzických a právnických osôb  |c Alena Pauličková 
520 |a Rozsiahla ostatná novela zákona o daniach z príjmov (zákon č. 466//2000 Z.z.) priniesla daňovníkom oslobodenie od dane z príjmov s viacerými zmenami. Novela nadobudla účinnosť 1. januára 2001. 
610 2 0 |a dane z príjmov 
610 2 0 |a oslobodenie od daní 
610 2 0 |a osoby fyzické 
610 2 0 |a osoby právnické 
610 2 0 |a zákony 
610 2 0 |a novelizácia 
610 2 0 |a Slovensko 
610 2 0 |a 2000 
100 1 |a Pauličková, Alena